| 000 | 00884nas a2200289 4500 | ||
|---|---|---|---|
| 001 | BR9206773 | ||
| 003 | BR-BrBNA | ||
| 005 | 20231205092952.0 | ||
| 007 | ta | ||
| 008 | 230509b bl.|||p| |||| 00| 00por d | ||
| 040 |
_aBR-BrBNA _bpor _cBiblioteca Nacional de Agricultura |
||
| 041 | _a(Pt) | ||
| 072 | _aL70 | ||
| 100 | 1 | _aKohayagawa, A. | |
| 100 | 1 | _aMuniz, L.M.R. | |
| 100 | 1 | _aDefine, R.M. | |
| 100 | 1 | _aFerreira Neto, J.M. | |
| 245 | 1 | _aEfeito do aloxano nos niveis sericos de triiodotironina, tiroxina e colesterol em caes | |
| 650 | _aCAO | ||
| 650 | _aVETERINARIA | ||
| 650 | _aMEDICAMENTO | ||
| 650 | _aIDADE | ||
| 650 | _aSEXO | ||
| 773 | 0 |
_tArquivos da Escola de Veterinaria da Universidade Federal de Minas Gerais (Brazil) _xISSN 0365-8384 _g(Aug 1980), v. 32(2) p. 193-196 _wBR9206773 |
|
| 909 |
_a202311 _bLúcia _c55 _dLúcia Elande |
||
| 942 |
_2AGRIS _n0 _cANA |
||
| 999 |
_c135455 _d135455 |
||